000 00576nam a2200181 4500
999 _c3005
_d3005
003 OSt
005 20210729063041.0
008 210729b ||||| |||| 00| 0 eng d
020 _a-
040 _cALUPE UNIVERSITY
050 _aJX1582
_b.R4 1974
100 _a Tandon, Yashpal
245 _aReadings in African international relations / compiled and edited with commentary by Yashpal Tandon
260 _aPublication details: Nairobi :
_bEast African Literature Bureau,
_c1974
300 _a269p. :
_c23 cm
650 _aAfrica -- Foreign relations
942 _2lcc
_cBK
_nSO